Principes de Direction des Entreprises. Vol.3 /

Gespeichert in:
Bibliographische Detailangaben
1. Verfasser: Gardner, Neely D (Verfasst von)
Format: Buch
Sprache:Französisch
Veröffentlicht: Paris : Éditions Gamma, 1966
Tags: Tag hinzufügen
Keine Tags, Fügen Sie das erste Tag hinzu!

MARC

LEADER 00000nam a22000003a 4500
001 stu36365
005 20150617225702.0
008 920602s1966----fr------------------fre-d
040 |a STU  |b slo 
041 0 |a fre 
044 |a fr 
100 1 |a Gardner, Neely D  |4 aut 
245 1 |a Principes de Direction des Entreprises. Vol.3 /  |c [aut.]Neely D. Gardner 
260 |a Paris :  |b Éditions Gamma,  |c 1966 
300 |a 260-362 s 
996 |b 284M012919  |c M*5263/3-1  |l MMKN  |s A  |a 24  |w stu36365_0001